00330nam a2200121Ia 4500008004100000041000800041082001200049100001600061245006200077260003300139300001900172999001700191241015s9999 xx 000 0 und d aeng a823 GOP aGopel Maja  aWe Can Do Better : A Departure into the world to tomorrow bScribe PublicationaUkc2024 a265;. P. 23 cm c41942d41942